Movies Quiz

Random Movies or Oscar Quiz
Score 0/39 Timer 08:00
0 Plays Today
Actor % Correct
** Tom Hanks **
99%
** Jamie Foxx **
66.7%
** Octavia Spencer **
51.6%
** Holly Hunter **
49%
** Kevin Spacey **
45.9%
** Paul Newman **
45.6%
Joan Cusack
43.1%
Albert Brooks
42.1%
Samuel L. Jackson
42.1%
Willem Dafoe
35.4%
** Michael Caine **
34.6%
June Squibb
33.3%
Angela Bassett
33.3%
Michael Keaton
33.1%
Peter O'Toole
32.8%
** Christopher Plummer **
32.3%
** Diane Keaton **
32.1%
** Emma Thompson **
31.5%
** Helen Mirren **
30.3%
Ned Beatty
30%
Actor % Correct
** Geoffrey Rush **
29.5%
Sigourney Weaver
29.2%
** James Coburn **
25.9%
** Patricia Arquette **
25%
** Whoopi Goldberg **
24.4%
** Allison Janney **
23.8%
Jennifer Tilly
23.3%
** Frances McDormand **
21.5%
Laurie Metcalf
20.9%
** Anna Paquin **
20.3%
Ian Holm
18.5%
Catherine Keener
17.9%
Julie Walters
17.2%
Diane Lane
17.2%
Madeline Kahn
16.7%
** Chris Cooper **
16.4%
** Vanessa Redgrave **
16.2%
Edward James Olmos
15.1%
Sam Elliott
11.8%
Remove Ads.
Support Sporcle.
Get the best of Sporcle when you Go Orange. This ad-free experience offers more features, more stats, and more fun while also helping to support Sporcle. Thank you for becoming a member.

You're not logged in!

Compare scores with friends on all Sporcle quizzes.
OR
Log In

Show Comments

Extras

Top Quizzes Today


Score Distribution

Your Account Isn't Verified!

In order to create a playlist on Sporcle, you need to verify the email address you used during registration. Go to your Sporcle Settings to finish the process.

Report this User

Report this user for behavior that violates our Community Guidelines.

Details: